000 00769nam a2200205Ii 4500
003 JO-AjNU
008 230605s9999||||xx |||||||||||||| ||und||
020 _a9-789933-133023
040 _aJO-AjNU
_bara
_erda
_cJO-AjNU
041 _aara
050 1 4 _aTA1637.M43 2020
100 3 _aتأليف كونزاليس، رفائيل؛ ترجمة واعداد نذير حسن المحرز,
_eauthor
_962351
245 0 0 _aمعالجة الصور الرقمية ج1
264 3 1 _aحلب: شعاع للنشر والعلوم، 2020
300 _aج1: 512
_bيحتوي على فهرس من ص507-512ص
336 _atext
_btxt
_2rdacontent
337 _aunmediated
_bn
_2rdamedia
338 _avolume
_bnc
_2rdacarrier
650 4 _aالصور - معالجة بيانات
_962352
999 _aA28230
_c31798
_d31798